Il metodo della giurisprudenza romana.

Gorde:
Xehetasun bibliografikoak
Egile nagusia: Raggi, Luigi (autore)
Beste egile batzuk: Campolunghi, María (prefacio), Fusco, Sandro-Angelo (prefacio)
Formatua: Liburua
Argitaratua: Torino, Italia: G. Giappichelli, 2007.
Saila:Law and argumentation,
Gaiak:
Etiketak: Etiketa erantsi
Etiketarik gabe, Izan zaitez lehena erregistro honi etiketa jartzen!

MARC

LEADER 00000nam a22000007a 4500
003 CL-VaPUC
005 20220822114610.0
008 220712t2007 ||||| |||| 00| 0 eng d
999 |c 436932  |d 436930 
020 |a 978-88-348-6469-2 
040 |c Pontificia Universidad Católica de Valparaíso 
082 7 |a 350.45 RAG 2007  |2 22 
100 1 |a Raggi, Luigi   |e autore  |9 872696 
245 |a Il metodo della giurisprudenza romana. 
260 |a Torino, Italia:  |b G. Giappichelli,   |c 2007. 
300 |a 164 páginas.  
490 |a Law and argumentation,   |n  3. 
500 |a c.1 Donación Familia Prof. Alejandro Guzmán Brito. 
583 |c 20220712  |k Cristina María Rojas Aguilar 
650 |a Derecho romano   |9 255930 
650 |a Jurisprudencia romana   |9 393300 
700 |a Campolunghi, María   |e prefacio  |9 872697 
700 |a Fusco, Sandro-Angelo   |e prefacio   |9 872698 
942 |2 ddc  |c BK  |n 0 
952 |0 0  |1 0  |2 ddc  |4 0  |6 350_450000000000000_RAG_2007  |7 1  |8 C_AGB  |9 584662  |a BIBDER  |b BIBDER  |d 2022-07-12  |e Donación   |i 5652760  |o 350.45 RAG 2007  |p 5652760  |r 2023-01-25  |t 1  |w 2022-07-12  |y BK_US  |k AGB